000 00916cab a22002295a 4500
001 L159866
008 150113e2017 xxk 000 0 eng d
035 _a(Sirsi) u159866
041 0 _aeng
050 _a346.410434 $2 18
100 1 _aBurns, Martin
245 0 0 _aOut of court
_h[electronic resource]
260 _aLondon
_bRICS
_c2017
490 _aRICS Building Surveying Journal
_vMay - June 2017, 18(1)
520 _aExplains why it is important to resolve dilapidations disputes quickly, cheaply ... and early.
650 2 4 _aDilapidations
_96235
650 2 4 _aMANAGEMENT-DISPUTE AVOIDANCE, MANAGEMENT AND RESOLUTION-DISPUTE MANAGEMENT AND RESOLUTION-ALTERNATIVE DISPUTE RESOLUTION
651 4 _aUnited Kingdom
_y
690 _aDispute resolution
_96236
856 4 0 _uhttps://issuu.com/ricsmodus/docs/building_surveying_journal_may_june_e51321e7dff376
_yAvailable free online via Issuu
942 _n0
_2ddc
999 _c85029
_d85029